The oxidation states of the elements and their potentials in aqueous solutions /

Guardado en:
Autor Principal: Latimer, Wendell M.
Formato: Libro
Idioma:English
Publicado: New York : Prentice-Hall, c1952.
Edición:2nd ed.
Series:Prentice-Hall chemistry series
Etiquetas: Agregar Etiqueta
Sin Etiquetas, Sea el primero en etiquetar este registro!
LEADER 00565nam a22001575a 4500
001 EEA.libagro000366
008 130809s1952####nyua##########000#0#eng#d
005 20191119095853.0
245 1 4 |a The oxidation states of the elements and their potentials in aqueous solutions /  |c Wendell M. Latimer. 
250 |a 2nd ed. 
260 |a New York :  |b Prentice-Hall,  |c c1952. 
300 |a 392 p. :  |b il. ;  |c 24 cm. 
490 1 |a Prentice-Hall chemistry series 
100 1 |a Latimer, Wendell M.  |q (Wendell Mitchell) 
082 0 4 |a 541.13 
859 |a AR-BbBCA  |b BIB. AGRONOMIA  |h 541.13  |i L251a2  |p 1971/0008